Welcome to CU Library Online Public Access Catalogue (OPAC)

THE PAUL QUEST (Record no. 6885)

MARC details
000 -LEADER
fixed length control field 00434nam a22001457a 4500
005 - DATE AND TIME OF LATEST TRANSACTION
control field 20250709141627.0
008 - FIXED-LENGTH DATA ELEMENTS--GENERAL INFORMATION
fixed length control field 250709b |||||||| |||| 00| 0 eng d
020 ## - INTERNATIONAL STANDARD BOOK NUMBER
International Standard Book Number 9780851114088
050 ## - LIBRARY OF CONGRESS CALL NUMBER
Classification number BS 2506
Item number .W56 WIT
100 ## - MAIN ENTRY--PERSONAL NAME
Personal name WITHERINGTON III, BEN
245 ## - TITLE STATEMENT
Title THE PAUL QUEST
Remainder of title THE RENEWED SEARCH FOR THE JEW OF TARSUS
Statement of responsibility, etc. BEN WITHERINGTON III
260 ## - PUBLICATION, DISTRIBUTION, ETC.
Place of publication, distribution, etc. ILLINOIS
Name of publisher, distributor, etc. INTERVARSITY PRESS
Date of publication, distribution, etc. c1998
300 ## - PHYSICAL DESCRIPTION
Extent 343p.;
942 ## - ADDED ENTRY ELEMENTS (KOHA)
Source of classification or shelving scheme Library of Congress Classification
Koha item type Books
Suppress in OPAC No
999 ## -
-- 6885
-- 6885
Holdings
Withdrawn status Lost status Source of classification or shelving scheme Damaged status Not for loan Collection Home library Current library Shelving location Date acquired Total checkouts Full call number Barcode Date last seen Copy number Price effective from Koha item type
    Library of Congress Classification     Non-fiction Undergraduate Library (Christ Temple) Undergraduate Library (Christ Temple) General stacks 07/09/2025   BS 2506. W56 WIT ulct00003733 07/09/2025 1 07/09/2025 Books
    Library of Congress Classification     Non-fiction Undergraduate Library (Christ Temple) Undergraduate Library (Christ Temple) General stacks 07/09/2025   BS 2506. W56 WIT ulct00003734 07/09/2025 2 07/09/2025 Books
    Library of Congress Classification     Non-fiction Undergraduate Library (Christ Temple) Undergraduate Library (Christ Temple) General stacks 07/09/2025   BS 2506 WIT ulct00003735 07/09/2025 1 07/09/2025 Books
© 2023-2024 Copyright: Central University Libraries. All Rights Reserved | Created by: Mahone Tech Office